| 000 | 00712cab a2200193 4500 | ||
|---|---|---|---|
| 001 | ABS40349 | ||
| 008 | 090401t1989 xxu||||| |||| 00| 0 eng d | ||
| 035 | _a(Sirsi) u23229 | ||
| 041 | _aeng | ||
| 100 | _aBrimacombe, M. | ||
| 245 | _aSafety in the sports arena | ||
| 260 | _c1989 | ||
| 350 | _a0 | ||
| 490 |
_aSurveyor (PWW) _v171(5032) 16 February 1989, 28-29(2) |
||
| 520 | _aConsiders public safety at sports grounds , listing regulations with which sports club managers must comply to minimise risk to spectators and reviews a voluntary code of guidance issued by the government for use by local authorities . | ||
| 690 | _aBUILT ENVIRONMENT-BUILDING STANDARDS | ||
| 942 | _n0 | ||
| 948 | _c04/03/1997 | ||
| 999 |
_c15543 _d15543 |
||